Normas básicas de la formación de los diáconos permanentes
Saved in:
| Institution som forfatter: | |
|---|---|
| Format: | Bog |
| Sprog: | spansk |
| Udgivet: |
Ciudad del Vaticano
Libreria Editrice Vaticana
1998
|
| Fag: | |
| Tags: |
Tilføj Tag
Ingen Tags, Vær først til at tagge denne postø!
|
MARC
| LEADER | 00000nam a2200000 a 4500 | ||
|---|---|---|---|
| 001 | UCP4115 | ||
| 003 | CL-VaPUC | ||
| 008 | 990724e19980000VC |||||||||||||||||spa|d | ||
| 082 | 0 | 4 | |a 262.14 |b CON |2 21 |
| 110 | 2 | |a Congregación para la Educación Católica |e author |9 431540 | |
| 245 | 1 | 0 | |a Normas básicas de la formación de los diáconos permanentes |
| 300 | |a 148 p | ||
| 942 | |c BK | ||
| 945 | |d 19990724 00:00:00 |a rbrito | ||
| 260 | |a Ciudad del Vaticano |b Libreria Editrice Vaticana |c 1998 | ||
| 650 | 7 | |a DIACONOS |2 CL-VaPUC |9 257352 | |
| 650 | 7 | |a DERECHO CANONICO |2 CL-VaPUC |9 431541 | |
| 583 | |a last modification |c 20170531 09:35:12 |k Rodrigo Vera | ||
| 999 | |c 282181 |d 282179 | ||
| 952 | |0 0 |1 0 |4 0 |6 262_140000000000000_CON_1998 |7 0 |8 A |9 323685 |a BIBTEO |b BIBTEO |d 2019-11-20 |i 3458466 |o 262.14 CON 1998 |p 3458466 |r 2025-01-17 |w 2019-11-20 |y BK |k ICR | ||
| 952 | |0 0 |1 0 |4 0 |6 262_140000000000000_CON_1998 |7 0 |8 A |9 323686 |a BIBTEO |b BIBTEO |d 2019-11-20 |i 3458474 |o 262.14 CON 1998 |p 3458474 |r 2025-01-17 |w 2019-11-20 |y BK |k ICR | ||
| 952 | |0 0 |1 0 |4 0 |6 262_140000000000000_CON_1998 |7 0 |8 A |9 323687 |a BIBTEO |b BIBTEO |d 2019-11-20 |i 3926672 |o 262.14 CON 1998 |p 3926672 |r 2025-01-17 |w 2019-11-20 |y BK |k ICR | ||